| 000 | 00390nam a22001337a 4500 | ||
|---|---|---|---|
| 082 | _aP-246 | ||
| 100 |
_aZeeshan Tahir _947969 |
||
| 245 |
_aGeo Technical Investigation of Nirali Dam Spillway Failure _cZeeshan Tahir, Sibghat Ullan Safi |
||
| 260 |
_aRisalpur _bMCE _c23 April 2003 |
||
| 526 |
_a0 _b0 _c0 _dP_246 |
||
| 650 | _aProject | ||
| 700 |
_aDr Farhat Javed _947908 |
||
| 942 |
_2ddc _cBK |
||
| 999 |
_c551035 _d551035 |
||